000 00330 a2200157 4500
001 190552
020 _a978-2300-1024-6
040 _cMagnum
100 _aShaw, Donna
240 1 0 _aSharks and Dolphins
_lING
245 1 0 _aSharks and Dolphins
300 _a31
362 0 _a2007
697 _aLITERATURA INGLESA
942 _cBK
999 _c190552
_d190552